Epidemiology of cervical cancer in Colombia /

Αποθηκεύτηκε σε:
Λεπτομέρειες βιβλιογραφικής εγγραφής
Κύριος συγγραφέας: Muñoz, Nubia
Άλλοι συγγραφείς: Bravo, Luis Eduardo
Μορφή: Κείμενο
Ετικέτες: Προσθήκη ετικέτας
Δεν υπάρχουν, Καταχωρήστε ετικέτα πρώτοι!

MARC

LEADER 00000 a a2200000 04500
001 47546
003
040
100 |a Muñoz, Nubia  
245 |a Epidemiology of cervical cancer in Colombia /  |c Nubia Muñoz, Luis Eduardo Bravo  
700 |a Bravo, Luis Eduardo  
773 |a volumen56, número5, (2014), páginas 431-439  
999 |c 31686  |d 31686